Maximise your potential/ (Record no. 187399)

MARC details
000 -LEADER
fixed length control field 00381nam a22001457a 4500
010 ## - LCCN (DPL NO)
LC control number B-078187
020 ## - INTERNATIONAL STANDARD BOOK NUMBER
Terms of availability 125.00
035 ## - SYSTEM CONTROL NUMBER
System control number B-078187
082 ## - DEWEY DECIMAL CLASSIFICATION NUMBER
Classification number 158.1 SEY
100 ## - MAIN ENTRY--PERSONAL NAME
Personal name Seymour, R. Ian
245 ## - TITLE STATEMENT
Title Maximise your potential/
Statement of responsibility, etc by R. Ian Seymour
260 ## - PUBLICATION, DISTRIBUTION, ETC. (IMPRINT)
Place of publication, distribution, etc Banglore
Name of publisher, distributor, etc Master Minds books
Date of publication, distribution, etc 2000
300 ## - PHYSICAL DESCRIPTION
Extent 184 p.
942 ## - ADDED ENTRY ELEMENTS (KOHA)
Source of classification or shelving scheme Dewey Decimal Classification
Item type English Books
Classification part 158.1
Call number suffix SEY
Holdings
Withdrawn status Lost status Not for loan Collection code Home library Current library Date acquired Full call number Barcode Cost, replacement price Koha item type
      Non-fiction Sarojini Nagar Sarojini Nagar 18/04/2022 158.1 SEY B-078187 125.00 English Books

© Delhi Public Library
Hit Counter
free hit counter